[Event "Titled Tuesday intern op 16th Apr Early"]
[Site "Chess.com INT"]
[Date "2024.04.16"]
[Round "11"]
[White "Stillger, Bernhard"]
[Black "Papp, Bence"]
[Result "1-0"]
[WhiteElo "2256"]
[BlackElo "2278"]
[PlyCount "59"]
[EventDate "2024.04.16"]
[EventType "swiss (blitz)"]
[EventRounds "11"]
[EventCountry "USA"]
[SourceTitle "CB17_2024"]
[SourceDate "2024.04.24"]
[SourceVersion "1"]
[SourceVersionDate "2024.04.24"]
[SourceQuality "1"]

1. Nf3 Nf6 2. g3 d5 3. Bg2 e6 4. 0-0 Be7 5. c4 0-0 6. b3 c5 7. cxd5 Nxd5 8. Bb2 Bf6 9. d4 Nc6 10. Na3 a6 11. Rc1 cxd4 12. Nxd4 Ncb4 13. Nc4 b5 14. Ne3 Nxe3 15. fxe3 Nd5 16. Nc6 Qb6 17. Bxf6 Nxe3 18. Bd4 Nxd1 19. Bxb6 Kh8 20. Rfxd1 Bb7 21. Ne5 Bxg2 22. Kxg2 f6 23. Nf3 e5 24. Rd7 Rfb8 25. Rcc7 Rxb6 26. Rxg7 Rd6 27. Rxh7+ Kg8 28. Nh4 Rd2 29. Ng6 Rxe2+ 30. Kh3 1-0

[Event "Budapest One Week IM"]
[Site "Budapest"]
[Date "2023.08.27"]
[Round "9"]
[White "Papp, Bence"]
[Black "Vincenti, Leonardo"]
[Result "1/2-1/2"]
[WhiteElo "2276"]
[BlackElo "2140"]
[PlyCount "148"]
[EventDate "2023.08.21"]
[EventType "tourn"]
[EventRounds "9"]
[EventCountry "HUN"]
[SourceTitle "CBM 215 Extra"]
[Source "ChessBase"]
[SourceDate "2023.09.30"]
[SourceVersion "1"]
[SourceVersionDate "2023.09.30"]
[SourceQuality "1"]

1. e4 c5 2. Nf3 d6 3. d4 cxd4 4. Nxd4 Nf6 5. Nc3 a6 6. Bg5 e6 7. f4 Be7 8. Qf3 Qc7 9. 0-0-0 Nbd7 10. g4 b5 11. Bxf6 Nxf6 12. g5 Nd7 13. f5 Bxg5+ 14. Kb1 Ne5 15. Qh5 h6 16. Nxe6 Bxe6 17. fxe6 g6 18. exf7+ Kxf7 19. Qe2 Qd8 20. Rd4 Kg7 21. Qd1 Nf7 22. e5 Nxe5 23. Bg2 Ra7 24. Rxd6 Rd7 25. Rxd7+ Qxd7 26. Qxd7+ Nxd7 27. Rd1 Ne5 28. a3 Rf8 29. Ne4 Bf4 30. h3 h5 31. Rd6 Nc4 32. Rxa6 Be5 33. Ng5 Kh6 34. h4 Bg3 35. Ra7 Bxh4 36. Nf7+ Kg7 37. Ne5+ Kh6 38. Nxc4 bxc4 39. a4 Bd8 40. a5 Rf5 41. a6 Ra5 42. Rd7 Bb6 43. Rd6 Bf2 44. Be4 Rg5 45. Rf6 Bd4 46. Rd6 Bf2 47. Rd2 Be3 48. Rd8 Ra5 49. Rd6 Rg5 50. b4 cxb3 51. cxb3 h4 52. Rd8 Ra5 53. Rd6 Rg5 54. Rd3 Bf2 55. Rf3 Bd4 56. Rd3 Bf2 57. Kc2 Re5 58. Bf3 Ra5 59. Bb7 g5 60. b4 Ra1 61. Rf3 Bg1 62. b5 g4 63. Rb3 g3 64. b6 Bxb6 65. Rxb6+ Kg5 66. Rb5+ Kf4 67. Rb4+ Ke3 68. Rxh4 Rxa6 69. Re4+ Kf2 70. Rf4+ Ke1 71. Bxa6 g2 72. Re4+ Kf2 73. Re2+ Kf3 74. Rxg2 Kxg2 1/2-1/2

[Event "Titled Tuesday intern op 25th Jul Early"]
[Site "Chess.com INT"]
[Date "2023.07.25"]
[Round "4"]
[White "Wisniowski, Natalie"]
[Black "Papp, Bence"]
[Result "1-0"]
[WhiteElo "1897"]
[BlackElo "2276"]
[PlyCount "77"]
[EventDate "2023.07.25"]
[EventType "swiss (blitz)"]
[EventRounds "11"]
[EventCountry "USA"]
[SourceTitle "EXT 2024"]
[Source "ChessBase"]
[SourceDate "2023.10.10"]
[SourceVersion "1"]
[SourceVersionDate "2023.10.10"]
[SourceQuality "1"]

1. e4 c5 2. d4 cxd4 3. c3 dxc3 4. Nxc3 Nc6 5. Nf3 e6 6. Bc4 Qc7 7. 0-0 Nf6 8. Re1 Bc5 9. h3 d6 10. Bf4 0-0 11. Bh2 Ne5 12. Bb3 Bd7 13. Qe2 a6 14. Rac1 b5 15. Red1 Rac8 16. Nb1 Qa7 17. Nbd2 Rfd8 18. Nxe5 dxe5 19. Bxe5 Bd4 20. Nf3 Rxc1 21. Rxc1 Bxe5 22. Nxe5 Be8 23. Rd1 Rc8 24. Qf3 Qc5 25. Nd3 Qc6 26. Re1 a5 27. Ne5 Qc5 28. Ng4 Nxg4 29. Qxg4 a4 30. Bd1 Qb4 31. Qe2 Rd8 32. a3 Qd2 33. Bc2 Qa5 34. Bd3 e5 35. Rc1 Qb6 36. Rc3 g6 37. Qc2 Qd4 38. Qe2 f6 39. Bxb5 1-0

[Event "Titled Tuesday intern op 04th Jul Late"]
[Site "Chess.com INT"]
[Date "2023.07.04"]
[Round "6"]
[White "Sanchez, Roberto Daniel"]
[Black "Papp, Bence"]
[Result "0-1"]
[WhiteElo "1976"]
[BlackElo "2276"]
[PlyCount "34"]
[EventDate "2023.07.04"]
[EventType "swiss (blitz)"]
[EventRounds "11"]
[EventCountry "USA"]
[SourceTitle "EXT 2024"]
[Source "ChessBase"]
[SourceDate "2023.10.10"]
[SourceVersion "1"]
[SourceVersionDate "2023.10.10"]
[SourceQuality "1"]

1. e4 e6 2. d4 d5 3. Nc3 Nf6 4. e5 Nfd7 5. f4 c5 6. Nf3 Nc6 7. Be3 Be7 8. Be2 0-0 9. 0-0 f6 10. exf6 Nxf6 11. Ne5 Qc7 12. Nb5 Qb6 13. c3 a6 14. Qa4 Ne4 15. Rab1 Nxe5 16. fxe5 Bd7 17. Rxf8+ Rxf8 0-1

[Event "Titled Tuesday intern op 27th Jun Late"]
[Site "Chess.com INT"]
[Date "2023.06.27"]
[Round "6"]
[White "Bilan, Danila"]
[Black "Papp, Bence"]
[Result "0-1"]
[WhiteElo "2303"]
[BlackElo "2276"]
[PlyCount "58"]
[EventDate "2023.06.27"]
[EventType "swiss (blitz)"]
[EventRounds "11"]
[EventCountry "USA"]
[SourceTitle "EXT 2024"]
[Source "ChessBase"]
[SourceDate "2023.10.10"]
[SourceVersion "1"]
[SourceVersionDate "2023.10.10"]
[SourceQuality "1"]

1. d4 Nf6 2. Nf3 d5 3. c4 e6 4. Nc3 dxc4 5. e3 a6 6. Bxc4 b5 7. Be2 Bb7 8. 0-0 Nbd7 9. a3 c5 10. dxc5 Bxc5 11. b4 Be7 12. Bb2 Rc8 13. Qb3 0-0 14. a4 bxa4 15. Nxa4 Nd5 16. b5 axb5 17. Bxb5 Nc5 18. Nxc5 Bxc5 19. Ne5 Rc7 20. e4 Nf6 21. Rfd1 Qc8 22. Nd3 Bxe4 23. Nxc5 Rxc5 24. Bxf6 gxf6 25. Bd3 Qc6 26. Bxe4 Qxe4 27. Re1 Qc6 28. Qg3+ Rg5 29. Qf4 Qxg2# 0-1

[Event "Titled Tuesday intern op 27th Jun Early"]
[Site "Chess.com INT"]
[Date "2023.06.27"]
[Round "2"]
[White "Diaz Perez, Michel Alejandro"]
[Black "Papp, Bence"]
[Result "1-0"]
[WhiteElo "2473"]
[BlackElo "2276"]
[PlyCount "81"]
[EventDate "2023.06.27"]
[EventType "swiss (blitz)"]
[EventRounds "11"]
[EventCountry "USA"]
[SourceTitle "EXT 2024"]
[Source "ChessBase"]
[SourceDate "2023.10.10"]
[SourceVersion "1"]
[SourceVersionDate "2023.10.10"]
[SourceQuality "1"]

1. Nf3 Nf6 2. c4 e6 3. e3 d5 4. Nc3 Be7 5. Qc2 0-0 6. b3 c5 7. cxd5 exd5 8. d4 Nc6 9. dxc5 Bxc5 10. Na4 Bb4+ 11. Bd2 Qa5 12. Bd3 Bg4 13. a3 Bxd2+ 14. Qxd2 Bxf3 15. gxf3 Qxd2+ 16. Kxd2 d4 17. e4 Nh5 18. Rhc1 Rac8 19. Nc5 Rc7 20. Bb5 Ne5 21. Nd3 Nxf3+ 22. Ke2 Rxc1 23. Rxc1 Ng5 24. f3 Ne6 25. Bd7 Nhf4+ 26. Kd2 Rd8 27. Nxf4 Nxf4 28. Rc7 Rb8 29. b4 Kf8 30. Bc8 Ne6 31. Bxe6 fxe6 32. f4 a5 33. b5 b6 34. Kd3 Rd8 35. Rc6 Kf7 36. Rxb6 Rc8 37. Rc6 Rb8 38. a4 g5 39. fxg5 e5 40. Rf6+ Kg7 41. Re6 1-0

[Event "Titled Tuesday intern op 27th Jun Late"]
[Site "Chess.com INT"]
[Date "2023.06.27"]
[Round "2"]
[White "Papp, Bence"]
[Black "Manukyan, Sargis A"]
[Result "0-1"]
[WhiteElo "2276"]
[BlackElo "2158"]
[PlyCount "48"]
[EventDate "2023.06.27"]
[EventType "swiss (blitz)"]
[EventRounds "11"]
[EventCountry "USA"]
[SourceTitle "EXT 2024"]
[Source "ChessBase"]
[SourceDate "2023.10.10"]
[SourceVersion "1"]
[SourceVersionDate "2023.10.10"]
[SourceQuality "1"]

1. e4 c5 2. Nf3 d6 3. d4 cxd4 4. Nxd4 Nf6 5. Nc3 g6 6. Be3 Bg7 7. f3 0-0 8. Qd2 Nc6 9. 0-0-0 d5 10. Qe1 e5 11. Nxc6 bxc6 12. exd5 Nxd5 13. Bc4 Be6 14. Ne4 Qc7 15. Bc5 Rfd8 16. Qh4 h6 17. g4 Nf4 18. Bxe6 Nxe6 19. Bd6 Qa5 20. Ba3 Nd4 21. Rhf1 Rab8 22. Qe7 Bf8 23. Nf6+ Kg7 24. Ne8+ Rxe8 0-1

[Event "Titled Tuesday intern op 27th Jun Early"]
[Site "Chess.com INT"]
[Date "2023.06.27"]
[Round "1"]
[White "Volkov, Maksim"]
[Black "Papp, Bence"]
[Result "1-0"]
[WhiteElo "2258"]
[BlackElo "2276"]
[PlyCount "103"]
[EventDate "2023.06.27"]
[EventType "swiss (blitz)"]
[EventRounds "11"]
[EventCountry "USA"]
[SourceTitle "EXT 2024"]
[Source "ChessBase"]
[SourceDate "2023.10.10"]
[SourceVersion "1"]
[SourceVersionDate "2023.10.10"]
[SourceQuality "1"]

1. d4 Nf6 2. c4 e6 3. g3 d5 4. Bg2 Be7 5. Nf3 0-0 6. Nc3 dxc4 7. Ne5 Nc6 8. Bxc6 bxc6 9. Nxc6 Qe8 10. Nxe7+ Qxe7 11. Qa4 Bb7 12. f3 c5 13. Be3 Nd5 14. Nxd5 exd5 15. Qa3 Rfe8 16. Kf2 cxd4 17. Qxe7 Rxe7 18. Bxd4 Rae8 19. Rhe1 Ba6 20. Bc3 f5 21. Rad1 Bb7 22. h4 h5 23. Bd4 Ba6 24. Bc5 Rb7 25. Bd4 Rbe7 26. Bc3 Bb7 27. Rd2 Kf7 28. Rc1 Rg8 29. Bd4 a5 30. Rc3 a4 31. Be3 Bc6 32. b3 axb3 33. axb3 Rge8 34. bxc4 dxc4 35. Bc5 Re5 36. Rxc4 Bb5 37. Rcc2 Rc8 38. Bd4 Rxc2 39. Rxc2 Re7 40. Be3 g6 41. Rc5 Ba6 42. Ra5 Bc4 43. Rc5 Ba6 44. Rc6 Bb5 45. Rb6 Bc4 46. Rd6 Bb5 47. Rd2 Bc4 48. Bc5 Rb7 49. Ke3 Be6 50. Kf4 Kf6 51. Bd4+ Kf7 52. Rc2 1-0

[Event "Titled Tuesday intern op 16th May Late"]
[Site "Chess.com INT"]
[Date "2023.05.16"]
[Round "4"]
[White "Maltsevskaya, Aleksandra"]
[Black "Papp, Bence"]
[Result "1-0"]
[WhiteElo "2390"]
[BlackElo "2276"]
[PlyCount "127"]
[EventDate "2023.05.16"]
[EventType "swiss (blitz)"]
[EventRounds "11"]
[EventCountry "USA"]
[SourceTitle "CBM 214 Extra"]
[Source "ChessBase"]
[SourceDate "2023.07.31"]
[SourceVersion "1"]
[SourceVersionDate "2023.07.31"]
[SourceQuality "1"]

1. e4 c5 2. Nc3 a6 3. g3 b5 4. Bg2 Bb7 5. f4 e6 6. d3 d5 7. exd5 Nf6 8. Nf3 exd5 9. 0-0 Be7 10. d4 0-0 11. a4 b4 12. Nb1 Nc6 13. Nbd2 Qb6 14. Nb3 c4 15. Nbd2 Nxd4 16. Kh1 Ng4 17. Nxd4 Qxd4 18. Qxg4 c3 19. bxc3 Qxc3 20. Nb3 Qxc2 21. Nd4 Qc3 22. Nf5 Qxa1 23. Nxe7+ Kh8 24. Nf5 Bc8 25. Qg5 Bxf5 26. Qxf5 Rac8 27. Be3 Qc3 28. Bg1 Rcd8 29. Rd1 d4 30. Be4 g6 31. Qf6+ Kg8 32. Bxd4 Rxd4 33. Qxd4 Qb3 34. Bd5 Qxa4 35. h4 Qc2 36. h5 Qf5 37. Kg2 Qxh5 38. Rh1 Qe2+ 39. Qf2 Qd3 40. Bf3 Re8 41. Rd1 Qc3 42. Qd4 Qc2+ 43. Rd2 Qf5 44. Bd5 b3 45. Bxb3 Qb5 46. Qd5 Re2+ 47. Kh3 Qxd5 48. Rxd5 Re3 49. Rd8+ Kg7 50. Bc4 Re7 51. Bxa6 h6 52. Bc4 g5 53. fxg5 hxg5 54. Rd5 Kg6 55. Rd6+ f6 56. Bd3+ Kh6 57. Rxf6+ Kg7 58. Rg6+ Kf7 59. Rxg5 Re3 60. Bc4+ Kf6 61. Rg4 Re4 62. Rxe4 Kf5 63. Rf4+ Ke5 64. Kg4 1-0

[Event "Titled Tuesday intern op 25th Apr Early"]
[Site "Chess.com INT"]
[Date "2023.04.25"]
[Round "1"]
[White "Lewicki, Miroslaw"]
[Black "Papp, Bence"]
[Result "1-0"]
[WhiteElo "2359"]
[BlackElo "2274"]
[PlyCount "91"]
[EventDate "2023.04.25"]
[EventType "swiss (blitz)"]
[EventRounds "11"]
[EventCountry "USA"]
[SourceTitle "EXT 2024"]
[Source "ChessBase"]
[SourceDate "2023.10.10"]
[SourceVersion "1"]
[SourceVersionDate "2023.10.10"]
[SourceQuality "1"]

1. g3 d5 2. Bg2 Nf6 3. Nf3 e6 4. 0-0 Be7 5. b3 0-0 6. Bb2 c5 7. d4 b6 8. dxc5 bxc5 9. Ne5 Bb7 10. Nd2 Nbd7 11. Ndf3 Qc7 12. Nxd7 Nxd7 13. Qd2 Bf6 14. Bxf6 Nxf6 15. Qg5 Ne4 16. Qh4 h6 17. c4 Rad8 18. cxd5 exd5 19. Rac1 d4 20. Rc2 Nc3 21. e3 Be4 22. Rb2 Qc6 23. Ne5 Qd5 24. Bxe4 Qxe5 25. Bg2 dxe3 26. fxe3 Qxe3+ 27. Kh1 Nd1 28. Rc2 Qd3 29. Rc1 Ne3 30. Rf2 Nxg2 31. Rxg2 Qf3 32. Qf4 Rd1+ 33. Rxd1 Qxd1+ 34. Rg1 Qd5+ 35. Rg2 Re8 36. Qf2 Qd1+ 37. Rg1 Qd5+ 38. Rg2 Qd1+ 39. Rg1 Qd4 40. Qg2 Re3 41. h4 Qd3 42. Rf1 Re2 43. Rf2 Re1+ 44. Kh2 Re3 45. h5 f6 46. Qa8+ 1-0

[Event "Titled Tuesday intern op 28th Mar Early"]
[Site "Chess.com INT"]
[Date "2023.03.28"]
[Round "2"]
[White "Papp, Bence"]
[Black "Vega Chirino, Lemay"]
[Result "0-1"]
[WhiteElo "2264"]
[BlackElo "2260"]
[PlyCount "132"]
[EventDate "2023.03.28"]
[EventType "swiss (blitz)"]
[EventRounds "11"]
[EventCountry "USA"]
[SourceTitle "EXT 2024"]
[Source "ChessBase"]
[SourceDate "2023.10.10"]
[SourceVersion "1"]
[SourceVersionDate "2023.10.10"]
[SourceQuality "1"]

1. d4 Nf6 2. Bg5 c5 3. d5 Qb6 4. Nc3 d6 5. Qc1 Bf5 6. Nf3 Nbd7 7. Nd2 h6 8. Bh4 g5 9. Bg3 Bg7 10. e4 Bg6 11. Nc4 Qc7 12. Bd3 Nh5 13. Nb5 Qb8 14. f3 Nxg3 15. hxg3 a6 16. Nc3 b5 17. Na5 c4 18. Nc6 Qb6 19. Be2 Ne5 20. Nd1 Nxc6 21. dxc6 Qxc6 22. c3 0-0 23. Ne3 f5 24. exf5 Bxf5 25. Nxf5 Rxf5 26. Qc2 Rd5 27. f4 Rf8 28. Bf3 gxf4 29. Qe4 Re5 30. Qxe5 Bxe5 31. Bxc6 fxg3 32. 0-0-0 Rf2 33. Bd5+ Kg7 34. Rdf1 Kg6 35. Rxf2 gxf2 36. Rf1 Bg3 37. Kd1 Kg5 38. Ke2 Kf4 39. Bf3 e5 40. Rh1 e4 41. Bh5 d5 42. Bf7 Ke5 43. Rh5+ Kf6 44. Bxd5 e3 45. Rxh6+ Ke5 46. Bf3 a5 47. Ra6 b4 48. Rxa5+ Kf4 49. cxb4 Bh2 50. Rc5 Bg1 51. Rxc4+ Kg3 52. Rg4+ Kh2 53. b5 Kh1 54. Rh4+ Bh2 55. b6 Kg1 56. Rxh2 f1Q+ 57. Kxe3 Kxh2 58. b7 Qb5 59. Ke4 Qxb7+ 60. Ke5 Qxb2+ 61. Kd6 Qa3+ 62. Ke5 Qxa2 63. Kd6 Qb2 64. Ke6 Kg3 65. Kd6 Qd2+ 66. Ke6 Qf4 0-1